| 000 | 02378nam a22003137a 4500 | ||
|---|---|---|---|
| 005 | 20110728161342.0 | ||
| 010 | _aB-435673-677 | ||
| 020 |
_a8182630525 _c20.00 |
||
| 035 | _aB-435673-677 | ||
| 037 | _bब्ल्यूबेरी बुक्स | ||
| 082 | _aक | ||
| 100 |
_aबैनर्जी, रूकमिणी _931144 |
||
| 245 |
_aघर जाना है / _cरूकमिणी बैनर्जी; संतोष पुजारी एवं केतन राऊत द्वारा चित्रांकित |
||
| 246 |
_aGhar jana hai _bby Rukmini Banerji |
||
| 250 | _a5वां हिन्दी संस्क. | ||
| 260 |
_aनई दिल्ली _bप्रथम बुक्स _c2010 |
||
| 270 |
_a633-634, 4th "C" Main, 6th 'B' Cross, OMBR Layout, Banaswadi, _bBangalore _e560043 _k+91 11 41042483 |
||
| 300 |
_a24पृ. _bसचित्र _c14x20सेमी (अजिल्द) |
||
| 700 |
_928835 _aअजीत नारायण |
||
| 700 |
_928836 _aसंतोष पुजारी |
||
| 700 |
_a राऊत, केतन _930368 |
||
| 942 |
_2ddc _cCH _hक _mबैनर्जी |
||
| 999 |
_c54537 _d54537 |
||